000 00276nam a22001217a 4500
008 171123b xxu||||| |||| 00| 0 eng d
041 _aeng
080 _a591
100 _a7
101 _aZOO
245 _aAN INTRODUCTION TO ANIMAL BEHAVIOR
_cPHIL.B.D
942 _2udc
_cBK
999 _c38404
_d38404